000 00316nam a2200133Ia 4500
005 20251222142008.0
008 251222s9999||||xx |||||||||||||| ||spa||
082 _a261.52/T18
100 _aTamayo Pinto-Bazurco, Manuel
245 0 _aEducar para Comunicar
250 _a2da.ed.
264 _bInfobrax
942 _cLIB
999 _c10246
_d10246